| 000 | 00774nam a2200229Ia 4500 | ||
|---|---|---|---|
| 003 | GCL | ||
| 008 | 140319s9999 xx 000 0 ara d | ||
| 040 |
_aGCL / _cGCL |
||
| 082 | 0 | 4 |
_a915.671 _bح ج |
| 100 | 1 | _aحسن الخياط | |
| 245 | 1 | 0 |
_aجغرافية اهوار: ومستنقعات جنوبى العراق / _cحسن الخياط |
| 260 |
_a[S.N] : _bمعهد البحوث والدراسات العربية ، _c1975 |
||
| 300 | _a226 ص | ||
| 490 | _a | ||
| 650 | 0 | 4 | _aالعالم العربى |
| 650 | 0 | 4 | _aالجغرافيا الطبيعية |
| 650 | 0 | 4 | _aمصادر المياه |
| 650 | 0 | 4 | _aالجغرافيا البشرية |
| 650 | 0 | 4 | _aالبرك والمستنقعات |
| 650 | 0 | 4 | _aالعراق القديم - تاريخ |
| 942 |
_2ddc _cBK |
||
| 999 |
_c28986 _d28986 |
||